Đo lường xung điện cao áp
Sparad:
| Huvudupphovsman: | |
|---|---|
| Materialtyp: | Bok |
| Språk: | Undetermined |
| Publicerad: |
TP.HCM
Đại học Quốc gia TP.HCM
2002
|
| Ämnen: | |
| Länkar: | http://lrc.tdmu.edu.vn/opac/search/detail.asp?aID=2&ID=3785 |
| Taggar: |
Lägg till en tagg
Inga taggar, Lägg till första taggen!
|
| Thư viện lưu trữ: | Trung tâm Học liệu Trường Đại học Thủ Dầu Một |
|---|
| LEADER | 00667nam a2200193Ia 4500 | ||
|---|---|---|---|
| 001 | TDMU_3785 | ||
| 008 | 210410s9999 xx 000 0 und d | ||
| 082 | |a 621.37 | ||
| 090 | |b H6501 | ||
| 100 | |a Hồ, Văn Nhật Chương | ||
| 245 | 0 | |a Đo lường xung điện cao áp | |
| 245 | 0 | |c Hồ Văn Nhật Chương | |
| 260 | |a TP.HCM | ||
| 260 | |b Đại học Quốc gia TP.HCM | ||
| 260 | |c 2002 | ||
| 300 | |a 92tr. | ||
| 650 | |a Xung điện cao áp |x Đo lường; Đo lường điện | ||
| 856 | |u http://lrc.tdmu.edu.vn/opac/search/detail.asp?aID=2&ID=3785 | ||
| 980 | |a Trung tâm Học liệu Trường Đại học Thủ Dầu Một | ||